| 000 | 00334nam a22001457a 4500 | ||
|---|---|---|---|
| 020 | _a 9789693527728 | ||
| 040 | _cNUST | ||
| 082 |
_a891.4391 _bBEL |
||
| 100 |
_aAbdaal Bela _910299 |
||
| 245 | _aArzi | ||
| 260 |
_aLAHORE _bSang E Meel Publications _c2014 |
||
| 300 | _b238P | ||
| 650 | _2Urdu Literature-Poetry | ||
| 942 |
_2ddc _cBK |
||
| 999 |
_c586019 _d586019 |
||